Advancing Equality (Record no. 60480)
[ view plain ]
| 000 -LEADER | |
|---|---|
| fixed length control field | 01961nam a2200265Ii 4500 |
| 008 - FIXED-LENGTH DATA ELEMENTS--GENERAL INFORMATION | |
| fixed length control field | 221202s xx 000 0 und d |
| 100 1# - MAIN ENTRY--PERSONAL NAME | |
| Personal name | Moseneke, Dikgang, |
| Relator term | author |
| 245 #0 - TITLE STATEMENT | |
| Title | Advancing Equality |
| 246 ## - VARYING FORM OF TITLE | |
| Title proper/short title | How Constitutional Rights Can Make a Difference Worldwide |
| 264 ## - PRODUCTION, PUBLICATION, DISTRIBUTION, MANUFACTURE, AND COPYRIGHT NOTICE | |
| Name of producer, publisher, distributor, manufacturer | University of California Press |
| Date of production, publication, distribution, manufacture, or copyright notice | 2020 |
| 300 ## - PHYSICAL DESCRIPTION | |
| Extent | 1 online resource |
| 336 ## - CONTENT TYPE | |
| Content type term | text |
| Content type code | txt |
| Source | rdacontent |
| 337 ## - MEDIA TYPE | |
| Media type term | computer |
| Media type code | c |
| Source | rdamedia |
| 338 ## - CARRIER TYPE | |
| Carrier type term | online resource |
| Carrier type code | cr |
| Source | rdacarrier |
| 520 ## - SUMMARY, ETC. | |
| Summary, etc. | In a world where basic human rights are under attack and discrimination is widespread, Advancing Equality reminds us of the critical role of constitutions in creating and protecting equal rights. Combining a comparative analysis of equal rights in the constitutions of all 193 United Nations member countries with inspiring stories of activism and powerful court cases from around the globe, the book traces the trends in constitution drafting over the past half century and examines how stronger protections against discrimination have transformed lives. Looking at equal rights across gender, race and ethnicity, religion, sexual orientation and gender identity, disability, social class, and migration status, the authors uncover which groups are increasingly guaranteed equal rights in constitutions, whether or not these rights on paper have been translated into practice, and which nations lag behind. Serving as a comprehensive call to action for anyone who cares about their country’s future, Advancing Equality challenges us to remember how far we all still must go for equal rights for all. |
| 653 ## - INDEX TERM--UNCONTROLLED | |
| Uncontrolled term | Civics & Citizenship |
| 653 ## - INDEX TERM--UNCONTROLLED | |
| Uncontrolled term | Civil Rights |
| 653 ## - INDEX TERM--UNCONTROLLED | |
| Uncontrolled term | Law |
| 653 ## - INDEX TERM--UNCONTROLLED | |
| Uncontrolled term | Political Science |
| 700 1# - ADDED ENTRY--PERSONAL NAME | |
| Personal name | Heymann, Jody |
| 700 1# - ADDED ENTRY--PERSONAL NAME | |
| Personal name | Raub, Amy |
| 700 1# - ADDED ENTRY--PERSONAL NAME | |
| Personal name | Sprague, Aleta |
| 856 ## - ELECTRONIC LOCATION AND ACCESS | |
| Uniform Resource Identifier | <a href="https://library.oapen.org/bitstream/20.500.12657/43465/1/external_content.pdfhttps://library.oapen.org/handle/20.500.12657/43465">https://library.oapen.org/bitstream/20.500.12657/43465/1/external_content.pdfhttps://library.oapen.org/handle/20.500.12657/43465</a> |
| 942 ## - ADDED ENTRY ELEMENTS (KOHA) | |
| Koha item type | E-Book |
| Withdrawn status | Damaged status | Not for loan | Home library | Current library | Date acquired | Total Checkouts | Date last seen | Price effective from | Koha item type |
|---|---|---|---|---|---|---|---|---|---|
| Directory of Open Access Books | Directory of Open Access Books | 11/28/2022 | 11/28/2022 | 11/28/2022 | E-Book |